000 00539nam a2200181Ia 4500
008 090124s9999 xx 000 0 und d
082 _b30677
100 _aजोंधळे महावीर
245 _a गाणारं घर
250 _a1
260 _bअनुपम प्रकाशन
_c1992
300 _a32
600 _aजोंधळे महावीर
630 _a गाणारं घर
700 _aजोंधळे महावीर
730 _a गाणारं घर
942 _cBOOK
999 _c96065
_d96065